[Event "Caioba Telecom op"]
[Site "Caioba"]
[Date "2018.08.03"]
[Round "5"]
[White "De Souza Monteiro, Marcos Paulo"]
[Black "Da Silva, Anderson Lemes"]
[Result "0-1"]
[WhiteElo "1954"]
[BlackElo "1699"]
[PlyCount "90"]
[EventDate "2018.08.01"]
[EventType "swiss"]
[EventRounds "9"]
[EventCountry "BRA"]
[SourceTitle "CBM 186 Extra"]
[Source "ChessBase"]
[SourceDate "2018.08.24"]
[SourceVersion "1"]
[SourceVersionDate "2018.08.24"]
[SourceQuality "1"]

1. d4 Nf6 2. c4 e6 3. Nf3 Be7 4. Nc3 d5 5. cxd5 exd5 6. Bg5 c6 7. e3 Bf5 8. Bd3 Ne4 9. Bxe7 Qxe7 10. Bxe4 dxe4 11. Nd2 Na6 12. a3 Qg5 13. Qb3 Rb8 14. Ncxe4 Bxe4 15. Nxe4 Qxg2 16. Nd6+ Kd7 17. 0-0-0 Kxd6 18. d5 c5 19. Rhg1 Qxh2 20. Rxg7 Qxf2 21. Rgg1 Rhe8 22. Rde1 Re5 23. Rgf1 Qg3 24. Kb1 f5 25. Rg1 Qf2 26. Rgf1 Qd2 27. e4 fxe4 28. Ka2 Qd3 29. Qa4 Qxd5+ 30. Ka1 Ke7 31. Rh1 h5 32. Rhg1 Rg8 33. Rxg8 Qxg8 34. Qb5 Qd5 35. Qa5 e3 36. Qc3 e2 37. Qc2 Qe4 38. Qb3 b6 39. Qg8 Qd5 40. Qg7+ Kd6 41. Qf8+ Kc6 42. Qh6+ Re6 43. Qc1 h4 44. Qc2 Qe4 45. Qc3 Rd6 0-1

[Event "Caioba Telecom op"]
[Site "Caioba"]
[Date "2018.08.01"]
[Round "1"]
[White "Garcia Palermo, Carlos H"]
[Black "Da Silva, Anderson Lemes"]
[Result "1-0"]
[WhiteElo "2390"]
[BlackElo "1699"]
[PlyCount "45"]
[EventDate "2018.08.01"]
[EventType "swiss"]
[EventRounds "9"]
[EventCountry "BRA"]
[SourceTitle "CBM 186 Extra"]
[Source "ChessBase"]
[SourceDate "2018.08.24"]
[SourceVersion "1"]
[SourceVersionDate "2018.08.24"]
[SourceQuality "1"]

1. d4 Nf6 2. c4 e6 3. Nc3 Be7 4. e4 d6 5. f4 b6 6. e5 dxe5 7. fxe5 Nfd7 8. Qf3 c6 9. Qg4 g6 10. Nf3 Na6 11. Bg5 f6 12. exf6 Nxf6 13. Qh4 Ng8 14. Bd3 Bxg5 15. Nxg5 Ne7 16. 0-0-0 Nf5 17. Bxf5 exf5 18. Rhe1+ Kf8 19. Qh6+ Kg8 20. d5 Qf8 21. Qxf8+ Kxf8 22. dxc6 h6 23. Rd8+ 1-0

[Event "BRA-ch Amateur U1800"]
[Site "Sao Paulo"]
[Date "2018.06.01"]
[Round "3"]
[White "Da Silva, Anderson Lemes"]
[Black "Flores, Clarice Soares Leit"]
[Result "1-0"]
[WhiteElo "1666"]
[BlackElo "1280"]
[PlyCount "155"]
[EventDate "2018.05.31"]
[EventType "swiss"]
[EventRounds "7"]
[EventCountry "BRA"]
[SourceTitle "EXT 2021"]
[Source "ChessBase"]
[SourceDate "2020.10.23"]
[SourceVersion "1"]
[SourceVersionDate "2020.10.23"]
[SourceQuality "1"]

1. d4 Nf6 2. Nf3 e6 3. Bf4 b6 4. e3 Bb7 5. Be2 Be7 6. h3 0-0 7. 0-0 c5 8. c3 Nc6 9. Nbd2 d5 10. Re1 a6 11. dxc5 Bxc5 12. Nb3 Be7 13. Nbd4 Nxd4 14. exd4 Rc8 15. Bd3 b5 16. Ne5 Ne4 17. f3 Nd6 18. Qc2 h6 19. Qd2 Bg5 20. Kf2 Nc4 21. Bxc4 dxc4 22. Bxg5 Qxg5 23. Qxg5 hxg5 24. Nd7 Rfd8 25. Nc5 Rc7 26. Re5 Rd5 27. Rxd5 exd5 28. Nxb7 Rxb7 29. Re1 a5 30. Re5 Rd7 31. Re8+ Kh7 32. Rb8 b4 33. Rb5 bxc3 34. bxc3 a4 35. Ra5 Rb7 36. Rxa4 Rb2+ 37. Kg3 f5 38. Ra5 f4+ 39. Kh2 Kh6 40. Rxd5 Rxa2 41. Rc5 Ra4 42. Rc6+ g6 43. Rc7 Ra5 44. Rxc4 Kg7 45. Rc5 Ra3 46. c4 Rd3 47. Rd5 Rc3 48. c5 Rc4 49. Rd6 Kf7 50. c6 Ke7 51. Rd7+ Ke6 52. d5+ Ke5 53. c7 Rc5 54. d6 Ke6 55. Rd8 Kd5 56. c8Q Rxc8 57. Rxc8 Kxd6 58. Rg8 Ke5 59. Rxg6 Kf5 60. Rg8 Kf6 61. h4 gxh4 62. Kh3 Ke5 63. Kxh4 Kd4 64. Re8 Kd3 65. Re4 Kd2 66. Kg4 Kd3 67. Kxf4 Kd2 68. Re3 Kd1 69. Ke4 Kd2 70. Kd4 Kc2 71. Rd3 Kb2 72. Rc3 Ka2 73. Kc4 Kb2 74. Kb4 Ka2 75. Rb3 Ka1 76. Kc3 Ka2 77. Kc2 Ka1 78. Ra3# 1-0

[Event "BRA-ch Amateur U1800"]
[Site "Sao Paulo"]
[Date "2018.06.01"]
[Round "4"]
[White "Lara, Diego Costa"]
[Black "Da Silva, Anderson Lemes"]
[Result "0-1"]
[WhiteElo "1749"]
[BlackElo "1666"]
[PlyCount "96"]
[EventDate "2018.05.31"]
[EventType "swiss"]
[EventRounds "7"]
[EventCountry "BRA"]
[SourceTitle "EXT 2021"]
[Source "ChessBase"]
[SourceDate "2020.10.23"]
[SourceVersion "1"]
[SourceVersionDate "2020.10.23"]
[SourceQuality "1"]

1. d4 Nf6 2. Nf3 e6 3. a3 Be7 4. c4 0-0 5. Nc3 d5 6. cxd5 exd5 7. Bf4 c6 8. e3 Bf5 9. Bd3 Bxd3 10. Qxd3 Nbd7 11. h3 Nb6 12. 0-0 h6 13. Rfe1 Bd6 14. Bxd6 Qxd6 15. Ne5 Nfd7 16. f4 Rfe8 17. Rf1 Nf8 18. Rf3 f6 19. Ng6 Qd7 20. Rg3 Qf7 21. h4 Nxg6 22. Rxg6 Nc4 23. Nd1 Re4 24. Rg3 Rae8 25. b3 Nd6 26. Nf2 R4e6 27. f5 R6e7 28. Rh3 Ne4 29. Rf1 Nxf2 30. Rxf2 Re4 31. h5 Qe7 32. Rff3 Qxa3 33. Rfg3 R8e7 34. Qd1 Qb4 35. Rg6 Rxe3 36. Rxe3 Rxe3 37. Qg4 Re1+ 38. Kh2 Qd6+ 39. g3 Qe7 40. Kh3 Kh7 41. b4 a6 42. Rxh6+ gxh6 43. Qg6+ Kh8 44. Qxh6+ Kg8 45. Qf4 Rh1+ 46. Kg2 Rxh5 47. Qg4+ Rg5 48. Qxg5+ fxg5 0-1

[Event "BRA-ch Amateur U1800"]
[Site "Sao Paulo"]
[Date "2018.05.31"]
[Round "2"]
[White "De Souza, Leonardo F Pereira"]
[Black "Da Silva, Anderson Lemes"]
[Result "1-0"]
[WhiteElo "1771"]
[BlackElo "1666"]
[PlyCount "73"]
[EventDate "2018.05.31"]
[EventType "swiss"]
[EventRounds "7"]
[EventCountry "BRA"]
[SourceTitle "EXT 2021"]
[Source "ChessBase"]
[SourceDate "2020.10.23"]
[SourceVersion "1"]
[SourceVersionDate "2020.10.23"]
[SourceQuality "1"]

1. e4 c5 2. Nf3 e6 3. d4 cxd4 4. Nxd4 Nf6 5. Nc3 Bb4 6. e5 Nd5 7. Qg4 Nxc3 8. Qxg7 Rf8 9. a3 Nb5+ 10. axb4 Nxd4 11. Bg5 Qb6 12. Bh6 Nxc2+ 13. Kd1 Qxb4 14. Kxc2 Nc6 15. Qxf8+ Qxf8 16. Bxf8 Kxf8 17. f4 b6 18. Kb1 Bb7 19. Bd3 h6 20. Be4 Ke7 21. g4 Rg8 22. Rg1 a5 23. Ra3 d5 24. exd6+ Kxd6 25. Rh3 f5 26. Rd1+ Kc7 27. gxf5 exf5 28. Bxf5 Rf8 29. Bc2 Rxf4 30. Rxh6 Nb4 31. Rh7+ Kc6 32. Ba4+ b5 33. Bxb5+ Kb6 34. Rh5 Bf3 35. Rd6+ Kc7 36. Rhh6 Rf5 37. Rd7+ 1-0

[Event "BRA-ch U14"]
[Site "Florianopolis"]
[Date "2018.05.01"]
[Round "6"]
[White "Da Silva, Anderson Lemes"]
[Black "Ramazzotte, Daniel Alexandre"]
[Result "1/2-1/2"]
[WhiteElo "1666"]
[BlackElo "1495"]
[PlyCount "105"]
[EventDate "2018.04.28"]
[EventType "swiss"]
[EventRounds "6"]
[EventCountry "BRA"]
[SourceTitle "EXT 2021"]
[Source "ChessBase"]
[SourceDate "2020.10.23"]
[SourceVersion "1"]
[SourceVersionDate "2020.10.23"]
[SourceQuality "1"]

1. d4 Nf6 2. Nf3 e6 3. Bf4 Be7 4. h3 0-0 5. e3 b6 6. Be2 Bb7 7. 0-0 c5 8. c3 Nc6 9. Nbd2 d5 10. Rc1 Rc8 11. Re1 Re8 12. Bd3 c4 13. Bc2 b5 14. e4 b4 15. e5 Nh5 16. Be3 g6 17. Nh2 Rb8 18. Ng4 Ba8 19. Qf3 Rf8 20. Nh6+ Kg7 21. g4 Bg5 22. gxh5 Bxh6 23. Kh2 Qh4 24. Rg1 bxc3 25. bxc3 Bxe3 26. fxe3 Rb2 27. hxg6 fxg6 28. Qg3 Qxg3+ 29. Kxg3 Rxa2 30. Nf3 h6 31. Kf2 Ne7 32. Ke2 Bc6 33. Nd2 Ba4 34. Bxa4 Rxa4 35. Rb1 Ra3 36. Rb7 Rf7 37. Rc1 Nf5 38. Rxf7+ Kxf7 39. e4 Ng3+ 40. Kf3 Nh5 41. Ke3 g5 42. exd5 exd5 43. Nb1 Rb3 44. Nd2 Ra3 45. Nb1 Ra2 46. Nd2 Nf4 47. Rf1 Ke6 48. h4 Rc2 49. Nb1 Ng2+ 50. Kf3 Nxh4+ 51. Kg4 Rg2+ 52. Kh5 Nf5 53. Kg6 1/2-1/2